| 000 | 00552cam a2200217 4500 | ||
|---|---|---|---|
| 001 | 1814457 | ||
| 005 | 20180115075608.0 | ||
| 008 | 720619s1972 paua b 001 0 eng | ||
| 010 | _a 79178259 | ||
| 020 | _a0879330007 | ||
| 040 |
_aDLC _cDLC _dDLC |
||
| 041 | _aeng | ||
| 080 | _a633.71 | ||
| 082 | 0 | 0 | _a633.71 TSO |
| 100 | 1 | _a9 | |
| 101 | _aMJE | ||
| 245 | 1 | 0 |
_aPhysiology and biochemistry of tobacco plants _c[by] T. C. Tso. |
| 504 | _aIncludes bibliographies. | ||
| 906 |
_a7 _bcbc _corignew _d2 _encip _f19 _gy-gencatlg |
||
| 942 |
_2ddc _cBK |
||
| 999 |
_c40296 _d40296 |
||